01204 a2200229 4500003000500000005001700005010001600022020001500038040000900053082001800062100002700080245005400107250001700161260005700178300003200235505046500267650004900732650003400781942001200815999001900827952012800846Nust20221123115106.0 a 99088375 a8129706504 cNust00a621.38121,ZWO1 aZwolinki, Mark910340910aDigital system design with VHDL /cMark Zwolinki. a2nd Edition  aHarlow, England ;aNew York :bPrentice Hall,c2000. axii,368p. :bill. ;c24 cm. aIntroduction (Page-1), Combinational Logic Design (Page-19), Combinational Logic Using VHDL Gate Models (Page-38), Combinational Building Blocks (Page-53), Synchronous Sequential Design (Page-80), VHDL Models of Sequential Blocks (Page-115), VHDL Simulation (Page-178), VHDL Synthesis (Page-190), Testing Digital Systems (Page-221), Design for Testability (Page-248), Asynchronous Sequential Design (Page-271), Interfacing with the Analogue World (Page-301).  0aDigital electronicsxData processing.994834 0aTelecommunication Engineering 2ddccBK c178611d178611 00102ddc4070aMCSbMCScGENd2016-12-12o621.38121,ZWOpMCS31085r2016-12-08w2016-12-12yBKzAlmirah No.32, Shelf No.1